| 000 | 00940nam a2200289 i 4500 | ||
|---|---|---|---|
| 001 | bg | ||
| 245 | 0 | 0 |
_aWymiana ciepła w piecach przemysłowych / _cpod red. Lecha Szecówki ; [aut. rozdz. W. I. Timoszpolskij et al.] ; Politechnika Częstochowska. |
| 260 |
_aCzęstochowa : _bWydawnictwo Politechniki Częstochowskiej, _c2006. |
||
| 300 |
_a280 s. : _bil. ; _c24 cm. |
||
| 504 | _aBibliogr. s. 276-280. | ||
| 650 | 9 | _aPiec przemysłowy | |
| 650 | 9 | _aTermodynamika techniczna | |
| 655 | _aPodręczniki akademickie | ||
| 700 | 1 |
_aSZECÓWKA, Lech. _eRed. |
|
| 700 | 1 | _aTIMOŠPOL'SKIJ, Vladimir Isaakovič | |
| 710 | 0 | _aPolitechnika Częstochowska | |
| 015 | _aPB 18163/2006 | ||
| 020 | _a8371932995 | ||
| 020 | _a9788371932991 | ||
| 040 | _cBPK | ||
| 041 | 0 | _apol | |
| 080 | _a536.7:66.041](075.8) | ||
| 920 | _a83-7193-299-5 | ||
| 920 | _a978-83-7193-299-1 | ||
| 942 | _cKS | ||
| 008 | s pl f |000 0 pol | ||
| 999 |
_c52722 _d52722 |
||